Igneous and metamorphic petrology / (Record no. 125002)
[ view plain ]
| 000 -LEADER | |
|---|---|
| fixed length control field | 00519cas a2200181 4500 |
| 008 - FIXED-LENGTH DATA ELEMENTS--GENERAL INFORMATION | |
| fixed length control field | 150219n eng u |
| 020 ## - INTERNATIONAL STANDARD BOOK NUMBER | |
| International Standard Book Number | 0716713357 |
| 035 ## - SYSTEM CONTROL NUMBER | |
| System control number | (Sirsi) a188383 |
| 050 ## - LIBRARY OF CONGRESS CALL NUMBER | |
| Classification number | QE 461 BES 1982 |
| 100 ## - MAIN ENTRY--PERSONAL NAME | |
| Personal name | Best, Myron G. |
| 245 ## - TITLE STATEMENT | |
| Title | Igneous and metamorphic petrology / |
| Statement of responsibility, etc. | Myron G. Best |
| 250 ## - EDITION STATEMENT | |
| Edition statement | |
| 260 ## - PUBLICATION, DISTRIBUTION, ETC. | |
| Place of publication, distribution, etc. | San Francisco : |
| Name of publisher, distributor, etc. | Freeman, |
| Date of publication, distribution, etc. | 1982. |
| 300 ## - PHYSICAL DESCRIPTION | |
| Extent | xviii, 630 p. : |
| Other physical details | ill. |
| 504 ## - BIBLIOGRAPHY, ETC. NOTE | |
| Bibliography, etc. note | Includes bibliographies and index |
| 650 ## - SUBJECT ADDED ENTRY--TOPICAL TERM | |
| Topical term or geographic name entry element | Igneous rocks |
| 650 ## - SUBJECT ADDED ENTRY--TOPICAL TERM | |
| Topical term or geographic name entry element | Metamorphic rocks |
No items available.